00789nam a2200253 a 4500001001300000003000900013005001700022008004100039020002300080082001600103100002000119245005900139260004500198300000900243500003500252505003000287650001800317650002100335700002000356902000800376942000700384952012900391999001500520nice12345678IN_TiNIC20260116012323.0050524s1993 dela grp 000 0 eng  a8185618 c27500a954.02bGOR aGordon, Stewart aMarathas 1600-1818(the New Cambridge History of India) aDelhibCambridge University Press c1993 a202p aincludes index and biblioraphy2 aAppendices, Biblio, Index aIndia-History aMarathas-History1 aGordon, Stewart bSRS cBK 001040708StackRoom-aHMIbHMId2007-04-03g275.00l2o954.02 GORp014660r2019-02-05s2019-01-18v275.00w2005-05-24yBK c6544d6544